Many more kitchen secrets from Betty Saw

Bibliographic Details
Main Author: Saw, Betty
Format: Book
Language:English
Published: Singapore : Times Editions , c2004
Subjects:

MARC

LEADER 00000cam a2200000 7i4500
001 0000015336
005 20230628.0
008 050225 si eng
020 |a 9812326677 (pbk) 
040 |a INS 
090 0 0 |a TX714   |b .S271 2004 
100 1 |a Saw, Betty 
245 0 0 |a Many more kitchen secrets from Betty Saw   |c Betty Saw 
260 |a Singapore :   |b Times Editions ,   |c c2004 
300 |a 259 p. :   |b ill. ;   |c 22 cm. 
650 0 |a Cookery 
999 |a 0000015083   |b BOOK   |c Open Shelf   |e Default branch